Tajemství pražských klášterů. Hrad a Hradčany /
Přijměte pozvání do čtveřice pražských klášterů na Hradě a Hradčanech. Každý z nich nabízí úchvatné příběhy, okamžiky triumfů i ponížení, tajemná a neprobádaná zákoutí.
Uloženo v:
| Hlavní autor: | |
|---|---|
| Médium: | E-kniha |
| Jazyk: | Czech |
| Vydáno: |
Řitka :
Čas,
2021
|
| Edice: | Skrytá krása naší země
|
| Témata: | |
| Tagy: |
Žádné tagy |
| LEADER | 03531cam a2200721 i 4500 | ||
|---|---|---|---|
| 001 | 311420 | ||
| 003 | CZ PrSKC | ||
| 005 | 20260601215705.0 | ||
| 007 | ta | ||
| 008 | 210913s2021 xr acfhe f 000 0 cze d | ||
| 015 | |a cnb003362170 | ||
| 020 | |a 9788074753572 |q (vázáno) | ||
| 035 | |a (OCoLC)1420607182 | ||
| 040 | |a ULG001 |b cze |d OLA001 |e rda | ||
| 043 | |a e-xr--- |b e-xr-pg |2 czenas | ||
| 072 | 7 | |a 908(437) |x Vlastivěda Česka a Slovenska |2 Konspekt | |
| 080 | |a 726.71 |2 MRF | ||
| 080 | |a 72:904 |2 MRF | ||
| 080 | |a 27-52:904 |2 MRF | ||
| 080 | |a 72/76.05 |2 MRF | ||
| 080 | |a 27-789 |2 MRF | ||
| 080 | |a 913:94 |2 MRF | ||
| 080 | |a 908(437.311) |2 MRF | ||
| 080 | |a (437.311) |2 MRF | ||
| 080 | |a (0.062) |2 MRF | ||
| 080 | |a (036) |2 MRF | ||
| 100 | 1 | |a Snětivý, Josef Pepson, |d 1973- |7 xx0053173 |4 aut |4 pht | |
| 245 | 1 | 0 | |a Tajemství pražských klášterů. |p Hrad a Hradčany / |c Josef Pepson Snětivý |
| 246 | 3 | 0 | |a Hrad a Hradčany |
| 264 | 1 | |a Řitka : |b Čas, |c 2021 | |
| 300 | |a 239 stran, 40 nečíslovaných stran obrazových příloh : |b ilustrace (některé barevné), portréty, faksimile ; |c 21 cm | ||
| 336 | |a text |b txt |2 rdacontent | ||
| 337 | |a bez média |b n |2 rdamedia | ||
| 338 | |a svazek |b nc |2 rdacarrier | ||
| 490 | 1 | |a Skrytá krása naší země ; |v svazek IX. | |
| 520 | 2 | |a Přijměte pozvání do čtveřice pražských klášterů na Hradě a Hradčanech. Každý z nich nabízí úchvatné příběhy, okamžiky triumfů i ponížení, tajemná a neprobádaná zákoutí. |b Vydejme se za tajemstvím a krásou kláštera benediktinek u baziliky sv. Jiří, bosých karmelitek u kostela sv. Benedikta, kapucínů u kostela Panny Marie Andělské se sousední Loretou a nakonec voršilek u kostela sv. Jana Nepomuckého. Nakladatelská anotace. Kráceno. | |
| 610 | 2 | 7 | |a Pražský hrad |7 kn20010710281 |2 czenas |
| 650 | 0 | 7 | |a křesťanské kláštery |7 ph173929 |z Česko |2 czenas |
| 650 | 0 | 7 | |a křesťanské kláštery |7 ph173929 |x dějiny |2 czenas |
| 650 | 0 | 7 | |a architektonické památky |7 ph118585 |z Česko |2 czenas |
| 650 | 0 | 7 | |a církevní památky |7 ph114287 |z Česko |2 czenas |
| 650 | 0 | 7 | |a umělecká výzdoba |7 ph136757 |z Česko |2 czenas |
| 650 | 0 | 7 | |a řeholní řády |7 ph116892 |z Česko |2 czenas |
| 650 | 0 | 7 | |a historický místopis |7 ph137052 |z Česko |2 czenas |
| 650 | 0 | 9 | |a Christian monasteries |z Czechia |2 eczenas |
| 650 | 0 | 9 | |a Christian monasteries |x history |2 eczenas |
| 650 | 0 | 9 | |a architectural monuments |z Czechia |2 eczenas |
| 650 | 0 | 9 | |a church antiquities |z Czechia |2 eczenas |
| 650 | 0 | 9 | |a artistic decoration |z Czechia |2 eczenas |
| 650 | 0 | 9 | |a monastic orders |z Czechia |2 eczenas |
| 650 | 0 | 9 | |a historical topography |z Czechia |2 eczenas |
| 651 | 7 | |a Hradčany (Praha, Česko) |7 ge137103 |x vlastivěda a dějiny |2 czenas | |
| 651 | 9 | |a Hradčany (Prague, Czechia) |x local history and geography |2 eczenas | |
| 655 | 7 | |a populárně-naučné publikace |7 fd131864 |2 czenas | |
| 655 | 7 | |a průvodce |7 fd133154 |2 czenas | |
| 655 | 9 | |a popular works |2 eczenas | |
| 655 | 9 | |a guidebooks |2 eczenas | |
| 830 | 0 | |a Skrytá krása naší země | |
| 900 | |a ABA001 |b 19 | ||
| 044 | |a xr | ||
| 910 | |a RBIT002 | ||
| 998 | |d 335834 |a https://core.palmknihy.cz/api/books/335834/cover?qzq79k |b https://core.palmknihy.cz/api/books/335834/cover/400?qzq79k |c https://core.palmknihy.cz/api/books/335834/cover/50?qzq79k |e |g 288 |i 9788074753572 |j https://core.palmknihy.cz/api/books/335834/preview.epub |k https://core.palmknihy.cz/api/books/335834/preview.pdf |l |q 49 |r 1 |s https://www.palmknihy.cz/kniha/335834 |t ebook |y 2021 |z 0 | ||
| 999 | |d 311418 | ||